The singularly interesting freehold residential property known as Gadshill Place the home of Charles Dickens from 1857 to 1870 (Record no. 116490)
[ view plain ]
| 000 -LEADER | |
|---|---|
| fixed length control field | 00997cam a22002055a 4500 |
| 001 - CONTROL NUMBER | |
| control field | L140797 |
| 008 - FIXED-LENGTH DATA ELEMENTS--GENERAL INFORMATION | |
| fixed length control field | 071011s1923 xxk eng u |
| 035 ## - SYSTEM CONTROL NUMBER | |
| System control number | (Sirsi) u140797 |
| 041 0# - LANGUAGE CODE | |
| Language code of text/sound track or separate title | eng |
| 110 2# - MAIN ENTRY--CORPORATE NAME | |
| Corporate name or jurisdiction name as entry element | Knight Frank and Rutley |
| 9 (RLIN) | 1990 |
| 245 04 - TITLE STATEMENT | |
| Title | The singularly interesting freehold residential property known as Gadshill Place the home of Charles Dickens from 1857 to 1870 |
| Remainder of title | to be offered for sale by auction by Messrs. Knight Frank and Rutley...on Thursday the 26th day of July 1923... |
| 260 ## - PUBLICATION, DISTRIBUTION, ETC. | |
| Place of publication, distribution, etc. | S.l. |
| Name of publisher, distributor, etc. | s.n. |
| Date of publication, distribution, etc. | [1923] |
| 300 ## - PHYSICAL DESCRIPTION | |
| Extent | 17 p. |
| -- | ll., col. plan |
| Dimensions | 25 cm. + |
| Accompanying material | 4 sheets (31 x 20 cm., or smaller) |
| 340 ## - PHYSICAL MEDIUM | |
| Material base and configuration | Printed |
| 351 ## - ORGANIZATION AND ARRANGEMENT OF MATERIALS | |
| Hierarchical level | Single item |
| 500 ## - GENERAL NOTE | |
| General note | Item is accompanied by typewritten note about Gadshill Place dated 10 July 1923 and an extract from the Kentish Estates Journal entitled 'Dickens and Kent' stamped with the date 14 July 1923. |
| 651 4# - SUBJECT ADDED ENTRY--GEOGRAPHIC NAME | |
| Geographic name | Kent |
| 690 ## - LOCAL SUBJECT ADDED ENTRY--TOPICAL TERM (OCLC, RLIN) | |
| Topical term or geographic name as entry element | PROPERTY-PROPERTY ACQUISITION AND DISPOSAL-ACQUISITION AND DISPOSAL AT AUCTION |
| 942 ## - ADDED ENTRY ELEMENTS (KOHA) | |
| Suppress in OPAC | 0 |
| Withdrawn status | Lost status | Source of classification or shelving scheme | Damaged status | Not for loan | Home library | Current library | Shelving location | Date acquired | Total Checkouts | Full call number | Barcode | Date last seen | Copy number | Price effective from | Koha item type |
|---|---|---|---|---|---|---|---|---|---|---|---|---|---|---|---|
| Dewey Decimal Classification | London | London | Basement | 11/10/2007 | BASEMENT BOX 1 | 30013180 | 06/08/2019 | 1 | 06/08/2019 | Archive |